| 000 | 00566nam a2200181 a 4500 | ||
|---|---|---|---|
| 005 | 20210223120414.0 | ||
| 008 | 991125s1979 mx 000 0 spa u | ||
| 035 | _aUPN01000000373 | ||
| 049 | _aSEP | ||
| 050 | 4 |
_aF1219.1 M55 _bP53 |
|
| 100 | 1 |
_aPiña Chan, Román, _d1920-2001 _929417 |
|
| 245 | 1 | 0 |
_aAcerca del viejo Cuitzeo : _bguía oficial / _cRoman Piña Chan. |
| 260 |
_aMéxico : _bINAH : _bSEP, _c1979. |
||
| 300 |
_a72 p. : _bil., [1] mapa pl. |
||
| 650 | 4 |
_aLAGOS - _zMEXICO _910381 |
|
| 651 | 4 |
_aCUITZEO, MICHOACAN - _xDESCRIPCION Y VIAJES _91395 |
|
| 905 | _aLibro | ||
| 999 |
_c373 _d373 |
||